| 000 | 01254nam0a22003611 4500 | ||
|---|---|---|---|
| 001 | RU\INFOCOMM_253\NLR\5000169981 | ||
| 005 | 20250613111524.0 | ||
| 035 | _a(NLR Aleph) 009589400 | ||
| 090 |
_a9241299 _c9241299 |
||
| 100 | _a20130319d1987 |||y0rusy50 ca | ||
| 101 | 0 | _aeng | |
| 102 | _aRU | ||
| 105 | _ac z ||||| | ||
| 200 | 1 |
_aOn communist society _eA collection _fMarx, Engels, Lenin _g[Comp. by T. Borodulina] |
|
| 205 | _a5th print. | ||
| 210 |
_aM. _cProgress _d1987 |
||
| 215 |
_a157 с., [3] л. портр. _cпортр. _d20 см |
||
| 225 | 1 |
_aWorks _fMarx, Engels, Lenin |
|
| 300 | _aПер. загл.: О коммунистическом обществе : [Сборник] | ||
| 541 | 1 |
_aО коммунистическом обществе _e[Сборник] _zrus |
|
| 620 | _aМосква | ||
| 686 |
_aА125.2 _2rubbk |
||
| 700 | 1 |
_9z04790 _aMarx _bK. _f1818-1883 _gKarl |
|
| 701 | 1 |
_9z05790 _aEngels _bF. _f1820-1895 _gFriedrich |
|
| 701 | 1 |
_9z06790 _aLenin _bV. I. _f1870-1924 _gVladimir Il'ič |
|
| 790 | 0 |
_9z04700 _aMarx _4070 |
|
| 790 | 1 |
_9z05701 _aEngels _4070 |
|
| 790 | 1 |
_9z06701 _aLenin _4070 |
|
| 801 | 1 |
_aRU _bInfocomm _c20130218 |
|
| 801 | 0 |
_aRU _bINFOCOMM _gPSBO |
|
| 852 |
_aNLR _jМЭ 102-Сб/22-2 |
||
| 942 | _cBOOK | ||
| 980 | _aNB | ||